000 00507nam a2200205Ia 4500
003 0100
008 130307s9999 xx 000 0 und d
040 _cARRUPELIB
050 _aLC268.A5 1940
100 _aAllers, Rudolf
245 _aCharacter education in adolescence
260 _aFort Collins
260 _bRoman Catholic Books
260 _c1940
300 _a188p.
300 _b22cm.
650 _bChristian life - Catholic authors
650 _cChristianity - 20th century
942 0 0 _02
999 _c99134
_d99134